| 000 | 004160000a22001210004500 | ||
|---|---|---|---|
| 090 |
_aAs _bSeriadas |
||
| 245 | 1 | 0 | _aMegadiversidad de hormigas (Hymenoptera: Formicidae) de la cuenca media del río Calima |
| 041 | 0 | _aEspañol | |
| 700 | 1 |
_aChacón de Ulloa, Patricia _91469 |
|
| 100 | 1 |
_aAldana de la Torre, Rosa Cecilia _989677 |
|
| 942 | _cARTICULO | ||
| 773 | 1 |
_tRevista Colombiana de Entomología _h1-2 _q37-47 _d1999 _g25 |
|
| 999 |
_c15864 _d15864 |
||